| 000 | 01086na a2200325 4500 | ||
|---|---|---|---|
| 001 | 16970 | ||
| 003 | MIRAKIL | ||
| 005 | 20181213155005.0 | ||
| 008 | 161018b tu 000 0 | ||
| 020 | _a9756102004 | ||
| 035 | _a15247 | ||
| 040 |
_aMilas _btur _cTR-AnCHP |
||
| 041 | _atur | ||
| 082 |
_aCHP 320.5315 _bS69i 2005 |
||
| 090 | _aCHP 320.5315 S69i 2005 | ||
| 100 | _aSoyer, Mehmet Refik | ||
| 245 |
_aİnadına sosyal demokrasi _bNe olacak bu CHP'nin hali? II _cMehmet Refik Soyer, Barış Kudar |
||
| 246 | _aNe olacak bu CHPnin hali? | ||
| 260 |
_aİzmir _bSoyer _c2005 |
||
| 300 |
_a176 s. _bfotg. _c19 sm. |
||
| 440 |
_aSoyer yayıncılık _pPolitika serisi _v1 |
||
| 490 |
_aNe olacak bu CHP'nin hali? serisi _v2 |
||
| 500 | _aKitap, Mayıs 2004'te DEMKÜLDER tarafından düzenlenen panelleri içermektedir. | ||
| 610 |
_aCumhuriyet Halk Partisi (CHP) _xTarih |
||
| 650 |
_aSosyal demokrasi _zTürkiye |
||
| 650 |
_aSosyal demokrat partiler _xİdeolojiler _zTürkiye |
||
| 700 | _aKudar, Barış | ||
| 740 | _aNe olacak bu CHP'nin hali? | ||
| 942 |
_2dcc _cBKS |
||
| 999 |
_c4429 _d4429 |
||